00538pab a2200145 454500008004000000100001600040245013400056260000900190300001400199650003600213650005100249650002600300700002700326773003900353180718b2006 xxu||||| |||| 00| 0 eng d aSingh, R.D. aImpact of decentralisation policy of occupational pattern and mobility in tribal regions: a case study of Madhya Pradeshb(India) c2006 ap.120-27. aTribes - India - Madhya Pradesh aOccupational mobility - India - Madhya Pradesh aOccupational mobility aShukla, Prashant Kumar aIndian Journal of Regional Science